|
|
|
|
| LEADER |
01878nam a22004812a 4500 |
| 001 |
001748653 |
| 003 |
CZ BrMZK |
| 005 |
20220628095948.0 |
| 007 |
ta |
| 008 |
200513s1983 hu a er|||||||||||ger d |
| 020 |
|
|
|a 963-05-3186-0
|q (Akadémiai Kiadó, Budapest)
|
| 020 |
|
|
|a 3-201-01193-2
|q (Akademische Druck- u. Verlagsanstalt, Graz)
|
| 040 |
|
|
|a ABA007
|b cze
|
| 041 |
0 |
|
|a ger
|a lat
|
| 072 |
|
7 |
|a 58
|x Botanika
|2 Konspekt
|9 2
|
| 080 |
|
|
|a 58(091)
|2 MRF
|
| 080 |
|
|
|a 58-051
|2 MRF
|
| 080 |
|
|
|a (492)
|2 MRF
|
| 080 |
|
|
|a (092)
|2 MRF
|
| 080 |
|
|
|a (084.11)
|2 MRF
|
| 080 |
|
|
|a (0.032)
|2 MRF
|
| 080 |
|
|
|a (0.072)
|2 MRF
|
| 100 |
1 |
|
|a L'Écluse, Charles de,
|d 1526-1609
|7 mzk2003197450
|4 aut
|
| 245 |
1 |
0 |
|a Fungorum in Pannoniis observatorum brevis historia et codex Clusii :
|b mit Beiträgen von einer internationalen Autorengemeinschaft /
|c Carolus Clusius ; hrsg. von Stephan A. Aumüller, József Jeanplong
|
| 260 |
|
|
|a Budapest :
|b Akadémiai Kiadó ;
|a Graz :
|b Akademische Druck- u. Verlagsanstalt,
|c 1983
|
| 300 |
|
|
|a 245 s. :
|b obr., 87 barev. obr. tab.
|
| 504 |
|
|
|a Obsahuje bibliografii
|
| 600 |
1 |
7 |
|a L'Écluse, Charles de,
|d 1526-1609
|7 mzk2003197450
|2 czenas
|
| 650 |
0 |
7 |
|a dějiny botaniky
|7 ph484323
|2 czenas
|
| 650 |
0 |
7 |
|a botanici
|7 ph118966
|2 czenas
|
| 650 |
0 |
7 |
|a mykologie
|7 ph115383
|2 czenas
|
| 650 |
0 |
7 |
|a houby
|7 ph114706
|2 czenas
|
| 651 |
|
7 |
|a Nizozemsko
|7 ge128525
|2 czenas
|
| 655 |
|
7 |
|a biografie
|7 fd131909
|2 czenas
|
| 655 |
|
7 |
|a obrazové publikace
|7 fd132947
|2 czenas
|
| 655 |
|
7 |
|a rukopisy
|7 fd202217
|2 czenas
|
| 655 |
|
7 |
|a komentovaná vydání
|7 fd132577
|2 czenas
|
| 700 |
1 |
|
|a Aumüller, Stephan A.
|7 jcu2010603159
|4 edt
|
| 700 |
1 |
|
|a Jeanplong, József,
|d 1919-2006
|7 jcu2010603161
|4 edt
|
| 910 |
|
|
|a BOA001
|b 5-0868.569
|
| 990 |
|
|
|a BK
|
| 991 |
|
|
|b 202005
|
| 996 |
6 |
|
|b BC-2091960
|c 5-0868.569
|l MZK
|r DEP / do 15 dnů
|n 0
|w 001801022
|u 000010
|a 240
|e BOA001
|j MZK50
|s P
|